Southville International School and Colleges
Your cart is empty.
  • Cart
  • Lists
    Public lists Eva Luna New books Lux_list list_1
    Your lists Log in to create your own lists
  • Log in to your account
  • Your cookies
  • Search history
Southville International School and Colleges
  • Advanced search
  • Recent comments
  • Most popular
  • Libraries

Log in to your account

Log in with GOOGLE


If you do not have an external account, but do have a local account, you can still log in:

  1. Home
  2. MARC view: Handbook of job evaluation and remuneration strategies /
Normal view MARC view ISBD view

Handbook of job evaluation and remuneration strategies / (Record no. 363358)

[ view plain ]
MARC details
000 -LEADER
fixed length control field 00585nam a2200217Ia 4500
008 - FIXED-LENGTH DATA ELEMENTS--GENERAL INFORMATION
fixed length control field 200601s9999 xx 000 0 und d
020 ## - INTERNATIONAL STANDARD BOOK NUMBER
International Standard Book Number 8124204454
050 ## - LIBRARY OF CONGRESS CALL NUMBER
Classification number REF HF 5549.5
050 ## - LIBRARY OF CONGRESS CALL NUMBER
Item number .J62P64 2004
100 ## - MAIN ENTRY--PERSONAL NAME
Personal name Poels, Frans.
245 #0 - TITLE STATEMENT
Title Handbook of job evaluation and remuneration strategies /
245 #0 - TITLE STATEMENT
Statement of responsibility, etc Frans Poels.
260 ## - PUBLICATION, DISTRIBUTION, ETC. (IMPRINT)
Place of publication, distribution, etc New Delhi :
260 ## - PUBLICATION, DISTRIBUTION, ETC. (IMPRINT)
Name of publisher, distributor, etc Crest Pub. House.,
260 ## - PUBLICATION, DISTRIBUTION, ETC. (IMPRINT)
Date of publication, distribution, etc 2004
300 ## - PHYSICAL DESCRIPTION
Extent 270 pages :
300 ## - PHYSICAL DESCRIPTION
Dimensions 25 cm.
500 ## - GENERAL NOTE
General note Includes bibliography and index.
650 ## - SUBJECT ADDED ENTRY--TOPICAL TERM
Topical term or geographic name as entry element Job evalutaion.
650 ## - SUBJECT ADDED ENTRY--TOPICAL TERM
General subdivision Compensation management.
Holdings
Withdrawn status Lost status Damaged status Home library Current library Shelving location Date acquired Cost, normal purchase price Total Checkouts Full call number Barcode Date last seen Price effective from Koha item type
      South Mansfield College South Mansfield College Reference Section 06/01/2020 2771.00   REF HF 5549.5 .J62P64 2004 SMC00751 06/01/2020 06/01/2020  

Handbook of job evaluation and remuneration strategies /

APA

Poels F., .Handbook of job evaluation and remuneration strategies. New Delhi: .

Chicago

Poels Frans, .Handbook of job evaluation and remuneration strategies. New Delhi: .

Harvard

Poels F., .Handbook of job evaluation and remuneration strategies. New Delhi: .

MLA

Poels Frans, .New Delhi: . .

  • Place hold
  • Print
  • Cite
  • Add to your cart (remove)
  • Save record
    BIBTEX Dublin Core MARCXML MARC (non-Unicode/MARC-8) MARC (Unicode/UTF-8) MARC (Unicode/UTF-8, Standard) MODS (XML) RIS
  • More searches
    Search for this title in:
    Other Libraries (WorldCat) Other Databases (Google Scholar) Online Stores (Bookfinder.com) Open Library (openlibrary.org)

Exporting to Dublin Core...

SOUTHVILLE LIBRARY

Southville International School and Colleges Library

1281 Tropical Ave. Cor. Luxembourg St., BF Homes International, Las Pinas City

Tel. No. 8256374 / 252358 Loc. 117/146

Powered by Koha